| 000 | 00585nam a2200169Ia 4500 | ||
|---|---|---|---|
| 003 | IN-BaIIA | ||
| 008 | 211028s9999 xx 000 0 eng d | ||
| 040 | _cIIA Library | ||
| 080 |
_a52(083) _bDOD |
||
| 100 |
_aDodnell, G. F. _9932 |
||
| 245 | 0 |
_aAlmucantar graphs of hour angles azimuths and two factors & l and d of stars on the prime almucantar _cG. F. Dodnell |
|
| 260 |
_aAustralia _bR E E Aogeas Government Printer _c1927 |
||
| 300 | _ax,33p | ||
| 650 | _aAstronomy and Astrophysics Thesaurus | ||
| 650 |
_aTables _9933 |
||
| 942 | _cBK | ||
| 999 |
_c410 _d410 |
||